Canon Selphy CP720 a ES1

Podrobná bibliografia
Hlavný autor: Géci, Ján (Autor)
Médium: Článok
Jazyk:slovenčina
Fyzický popis:Obr., tab.
ISSN:1336-5754
Predmet:

MARC

LEADER 00000nab a2200000 ar4500
001 vtls008987994
003 SK-MaSNL
005 20260303065036.0
008 070511c2007 xo |||||||||||000 b|slo
015 |a SNBRB2007/05  |2 snkbucl 
038 |a SNKBUCL 
040 |a SNKBUCL  |b slo  |c SNKBUCL  |e AACR2 
041 0 |a slo 
044 |a xo  |c SK 
080 |a 681.625.9  |2 2001 
080 |a 004.356.2  |2 2001 
080 |a 778.19  |2 2001 
080 |a 771.429  |2 2001 
100 1 |a Géci, Ján  |4 aut  |9 277369 
245 1 0 |a Canon Selphy CP720 a ES1  |c Ján Géci 
300 |b Obr., tab. 
650 0 7 |a Canon Selphy CP720 (tlačiareň)  |2 snkbucl  |9 1064562 
650 0 7 |a fotografické tlačiarne  |2 snkbucl  |9 73063 
650 0 7 |a Canon Selphy ES1 (tlačiareň)  |2 snkbucl  |9 1064563 
773 0 |t DiGi revue  |g Roč. 3, č. 3 (2007), s. 26  |x 1336-5754 
852 |a SNK  |b KIS3GCP 
999 |c 1749569  |d 1751499